Racismo y occidente

Enregistré dans:
Détails bibliographiques
Auteur principal: Delacampagne, Christian (Auteur)
Format: Livre
Langue:espagnol
Publié: Barcelona Argos Vergara 1983
Sujets:
Tags: Ajouter un tag
Pas de tags, Soyez le premier à ajouter un tag!

MARC

LEADER 00000nam a2200000 a 4500
001 UCP5903
003 CL-VaPUC
008 991001e19830000SP |||||||||||||||||spa|d
082 0 4 |a 320.56  |b DEL  |2 21 
100 0 |a Delacampagne, Christian  |e author  |9 434547 
245 1 0 |a Racismo y occidente 
300 |a 266 p 
942 |c BK 
945 |d 19991001 00:00:00  |a crobeson 
260 |a Barcelona  |b Argos Vergara  |c 1983 
650 0 |a Racismo  |9 255805 
650 0 |a Discriminación racial  |9 257054 
650 0 |a Relaciones raciales   |9 317922 
650 0 |a Problemas sociales  |9 258537 
583 |a last modification  |c 19991001 00:00:00  |k Rodrigo Vera 
999 |c 283540  |d 283538 
952 |0 0  |1 0  |4 0  |6 320_560000000000000_DEL_1983  |7 0  |8 A  |9 326793  |a BIBHIS  |b BIBHIS  |d 2019-11-20  |i 1357786  |o 320.56 DEL 1983  |p 1357786  |r 2025-01-20  |w 2019-11-20  |y BK  |k HIS